Bourgogne ou Franche-Comté? - Statistiques

Statistiques générales
  • Ce quiz a été pris 200 fois
  • Le résultat moyen est 9 sur 15
Statistiques - réponses
Question Réponse % Correct
Est plus grande Bourgogne
89%
Est plus peuplée Bourgogne
89%
Le site archéologique d'Alésia s'y situe Bourgogne
87%
On y trouve le chablis, vin blanc réputé Bourgogne
86%
Contient le massif du Morvan Bourgogne
81%
A vu naître Victor Hugo Franche-Comté
80%
Se compose de quatre départements Les deux
65%
Dispose d'un club de football évoluant en première division Bourgogne
61%
A fait partie du Saint-Empire pendant plusieurs siècles Franche-Comté
52%
A fait partie de l'état bourguignon au XVème siècle Les deux
52%
Fût le lieu de naissance d'un pape Franche-Comté
45%
On peut y visiter quatre biens inscrits à l'Unesco Les deux
36%
Une partie de la région culturelle et historique de Bresse y est située Les deux
23%
Possède le siège de la région Bourgogne-Franche-Comté Franche-Comté
13%
Contient le plus d'agglomérations de plus de 100 000 habitants Franche-Comté
13%
Aucun quiz correspondant
Distribution des résultats
% des personnes avec chaque résultat
Percentile par nombre de réponses
Votre historique - résultats
Vous n’avez pas pris ce quiz